| 000 | 00672nam a2200205 a 4500 | ||
|---|---|---|---|
| 001 | 000032174 | ||
| 005 | 20240412074255.0 | ||
| 008 | 110713s1934 dr r 000 p spa d | ||
| 040 |
_aDO-SdBNP _bspa _cBNPHU |
||
| 082 |
_aRD861.4 _bM843p |
||
| 100 | 1 |
_aMoreno Jimenes, Domingo, _d1894-1986 _919534 |
|
| 245 | 1 | 0 |
_aEl poema de la hija reintegrada / _cDomingo Moreno Jimenes. |
| 260 |
_a[Ciudad Trujillo, República Dominicana] : _bFémina, _c1934. |
||
| 300 |
_a72 p. ; _c56 cm. |
||
| 490 | 1 | _aEdición Blanca | |
| 650 | 0 |
_aPoesía dominicana _966 |
|
| 650 | 0 |
_aLiteratura dominicana. _967 |
|
| 830 | 0 |
_aEdición Blanca _958264 |
|
| 910 | _aValidado. Control de calidad. EMS | ||
| 999 |
_c31665 _d31665 |
||